[Event "19th Open B"]
[Site "Zadar"]
[Date "2012.12.17"]
[Round "2.2"]
[White "Pandurevic, Miro"]
[Black "Zezelj, Vladislav"]
[Result "1-0"]
[WhiteElo "2269"]
[BlackElo "2054"]
[PlyCount "61"]
[EventDate "2012.12.16"]
[EventRounds "9"]
[EventCountry "CRO"]
[Source "crochess.com"]
[SourceDate "2012.12.22"]

1. e4 e6 2. d4 d5 3. Nc3 Bb4 4. Nge2 c5 5. exd5 Qxd5 6. Bd2 Qd8 7. a3 Bxc3 8.
Bxc3 cxd4 9. Nxd4 Nf6 10. Nb5 Nc6 11. Bxf6 gxf6 12. Qg4 h5 13. Qg3 Kf8 14. Rd1
Qe7 15. Be2 h4 16. Qe3 a6 17. Nd6 Ne5 18. f4 Ng6 19. Bf3 Kg7 20. O-O Qc7 21. c4
Rb8 22. b4 Bd7 23. c5 Bc6 24. f5 Bxf3 25. Qxf3 Ne5 26. Qf4 Qe7 27. Rde1 Kf8 28.
Re3 Nd7 29. Nxf7 Rh7 30. fxe6 Rxf7 31. exd7 1-0

[Event "19th Open B"]
[Site "Zadar"]
[Date "2012.12.17"]
[Round "2.3"]
[White "Brkic, Ivica"]
[Black "Matko, Ognjen"]
[Result "0-1"]
[WhiteElo "2106"]
[BlackElo "2243"]
[PlyCount "60"]
[EventDate "2012.12.16"]
[EventRounds "9"]
[EventCountry "CRO"]
[Source "crochess.com"]
[SourceDate "2012.12.22"]

1. e4 c5 2. Nf3 e6 3. d4 cxd4 4. Nxd4 Nf6 5. Bd3 a6 6. O-O Qc7 7. c3 Be7 8. Be3
b6 9. Nd2 Bb7 10. h3 d5 11. Qc2 Nbd7 12. exd5 Bxd5 13. f3 O-O 14. Qd1 Ne5 15.
Be2 Ng6 16. Qe1 Bd6 17. Bd3 Nf4 18. Bc2 Rac8 19. Kh1 b5 20. a3 N4h5 21. Ne2 a5
22. Rc1 Qb8 23. Bb3 Ba8 24. Bc2 b4 25. axb4 axb4 26. c4 Nf4 27. b3 N6h5 28. Ne4
Be5 29. Nxf4 Bxf4 30. Rd1 Be5 0-1

[Event "19th Open B"]
[Site "Zadar"]
[Date "2012.12.17"]
[Round "2.4"]
[White "Medancic, Rikard"]
[Black "Seferovic, Relja"]
[Result "1/2-1/2"]
[WhiteElo "2236"]
[BlackElo "2018"]
[PlyCount "57"]
[EventDate "2012.12.16"]
[EventRounds "9"]
[EventCountry "CRO"]
[Source "crochess.com"]
[SourceDate "2012.12.22"]

1. Nf3 Nf6 2. g3 g6 3. b3 Bg7 4. Bb2 O-O 5. Bg2 d5 6. d3 c6 7. O-O Bg4 8. Nbd2
Nbd7 9. c4 Bxf3 10. Nxf3 e6 11. Qc2 a5 12. e4 dxe4 13. dxe4 Qc7 14. Rad1 Rfd8
15. Rfe1 e5 16. Re3 Ng4 17. Red3 Nc5 18. Rxd8+ Rxd8 19. Rxd8+ Qxd8 20. Ne1 f6
21. Bc3 Nh6 22. a3 Nf7 23. b4 axb4 24. axb4 Ne6 25. c5 Nd4 26. Qa2 Bh6 27. Bf1
Kg7 28. Qc4 Nb5 29. Nd3 1/2-1/2

[Event "19th Open B"]
[Site "Zadar"]
[Date "2012.12.17"]
[Round "2.5"]
[White "Vrhovnik, Damir"]
[Black "Mihalinec, Damir"]
[Result "1-0"]
[WhiteElo "2097"]
[BlackElo "2235"]
[PlyCount "73"]
[EventDate "2012.12.16"]
[EventRounds "9"]
[EventCountry "CRO"]
[Source "crochess.com"]
[SourceDate "2012.12.22"]

1. Nf3 Nf6 2. c4 g6 3. b4 a5 4. b5 d5 5. e3 Bg7 6. Bb2 O-O 7. d4 h6 8. Nc3 Be6
9. cxd5 Nxd5 10. Nxd5 Qxd5 11. Ba3 Re8 12. Nd2 c6 13. Qf3 cxb5 14. Qxd5 Bxd5
15. Bxb5 Bxg2 16. Bxe8 Bxh1 17. f3 Na6 18. Bd7 e6 19. Rb1 Nb4 20. Kf2 Rd8 21.
Bxb4 axb4 22. Bb5 e5 23. Rxh1 exd4 24. e4 Rc8 25. Bc4 Rc5 26. Rb1 b5 27. Bd3
Rh5 28. Nf1 Be5 29. Rxb4 Bxh2 30. Rxb5 Be5 31. a4 Bc7 32. Rxh5 gxh5 33. Nd2 Kg7
34. Nc4 Kf6 35. a5 Kg5 36. a6 Bb8 37. Nd6 1-0

[Event "19th Open B"]
[Site "Zadar"]
[Date "2012.12.17"]
[Round "2.7"]
[White "Bubicic, Josip"]
[Black "Franciskovic, Borka"]
[Result "0-1"]
[WhiteElo "2063"]
[BlackElo "2230"]
[PlyCount "62"]
[EventDate "2012.12.16"]
[EventRounds "9"]
[EventCountry "CRO"]
[Source "crochess.com"]
[SourceDate "2012.12.22"]

1. e4 c6 2. Nc3 d5 3. Nf3 Bg4 4. d4 e6 5. h3 Bh5 6. g4 Bg6 7. Ne5 Bxe4 8. Nxe4
dxe4 9. Bg2 Nd7 10. Nxd7 Qxd7 11. Bxe4 Nf6 12. Bg2 Bd6 13. c3 Qc7 14. O-O O-O-O
15. a4 h5 16. g5 Nd5 17. Qe2 Kb8 18. g6 Rde8 19. gxf7 Qxf7 20. Bd2 Nf4 21. Qf3
g5 22. Bxf4 Bxf4 23. b4 g4 24. Qe4 Rhg8 25. Kh1 gxh3 26. Bf3 Ref8 27. Rad1 Bc7
28. Rd3 Qg7 29. Re1 Rf4 30. Qe2 Rh4 31. Bg4 Rxg4 0-1

[Event "19th Open B"]
[Site "Zadar"]
[Date "2012.12.17"]
[Round "2.8"]
[White "Glavicic, Tino"]
[Black "Fucak, Emilijo"]
[Result "1/2-1/2"]
[WhiteElo "2023"]
[BlackElo "2222"]
[PlyCount "47"]
[EventDate "2012.12.16"]
[EventRounds "9"]
[EventCountry "CRO"]
[Source "crochess.com"]
[SourceDate "2012.12.22"]

1. d4 Nf6 2. c4 e6 3. Nc3 Bb4 4. Qc2 Nc6 5. Nf3 d6 6. a3 Bxc3+ 7. Qxc3 Qe7 8.
e3 O-O 9. b4 e5 10. dxe5 Nxe5 11. Nxe5 dxe5 12. Bb2 Re8 13. Be2 Bf5 14. f3 Rad8
15. O-O Bg6 16. Rad1 Nd7 17. c5 c6 18. e4 f6 19. Rd6 Nf8 20. Rfd1 Rxd6 21. Rxd6
Rd8 22. Rxd8 Qxd8 23. Qd3 Qe7 24. g3 1/2-1/2

[Event "19th Open B"]
[Site "Zadar"]
[Date "2012.12.17"]
[Round "2.9"]
[White "Maroja, Slobodan"]
[Black "Stipic, Marko"]
[Result "0-1"]
[WhiteElo "2003"]
[BlackElo "2215"]
[PlyCount "56"]
[EventDate "2012.12.16"]
[EventRounds "9"]
[EventCountry "CRO"]
[Source "crochess.com"]
[SourceDate "2012.12.22"]

1. e4 c5 2. Nf3 e6 3. Be2 Nc6 4. O-O Nf6 5. Nc3 d5 6. exd5 Nxd5 7. Ne4 Be7 8.
d4 cxd4 9. Nxd4 O-O 10. Nxc6 bxc6 11. c4 Nf6 12. Qc2 Qc7 13. Be3 Nxe4 14. Qxe4
f5 15. Qc2 e5 16. f4 e4 17. c5 Be6 18. b3 Bf6 19. Rab1 Rad8 20. a4 Bd4 21. Bxd4
Rxd4 22. b4 Rfd8 23. Qc1 Rd2 24. Rb2 e3 25. Bc4 Qf7 26. Bxe6 Qxe6 27. Rb1 Qe4
28. Rf3 e2 0-1

[Event "19th Open B"]
[Site "Zadar"]
[Date "2012.12.17"]
[Round "3.1"]
[White "Blazeka, Matej"]
[Black "Berke, Ana"]
[Result "1/2-1/2"]
[WhiteElo "2271"]
[BlackElo "2151"]
[PlyCount "23"]
[EventDate "2012.12.16"]
[EventRounds "9"]
[EventCountry "CRO"]
[Source "crochess.com"]
[SourceDate "2012.12.22"]

1. e4 c5 2. Nf3 d6 3. d4 cxd4 4. Nxd4 Nf6 5. f3 e5 6. Nb3 d5 7. Bg5 dxe4 8.
Qxd8+ Kxd8 9. fxe4 Be6 10. Nc3 Nbd7 11. O-O-O Kc8 12. Bb5 1/2-1/2

[Event "19th Open B"]
[Site "Zadar"]
[Date "2012.12.17"]
[Round "3.2"]
[White "Vidovic, Ante"]
[Black "Pandurevic, Miro"]
[Result "0-1"]
[WhiteElo "2140"]
[BlackElo "2269"]
[PlyCount "26"]
[EventDate "2012.12.16"]
[EventRounds "9"]
[EventCountry "CRO"]
[Source "crochess.com"]
[SourceDate "2012.12.22"]

1. e4 c6 2. d3 d5 3. Nd2 e5 4. Ngf3 Bd6 5. d4 exd4 6. exd5 Ne7 7. Nxd4 Nxd5 8.
Bc4 O-O 9. O-O Bxh2+ 10. Kxh2 Qh4+ 11. Kg1 Qxd4 12. c3 Qh4 13. Nf3 Qxc4 0-1

[Event "19th Open B"]
[Site "Zadar"]
[Date "2012.12.17"]
[Round "3.3"]
[White "Matko, Ognjen"]
[Black "Deur Saric, Zrinka"]
[Result "1/2-1/2"]
[WhiteElo "2243"]
[BlackElo "2124"]
[PlyCount "127"]
[EventDate "2012.12.16"]
[EventRounds "9"]
[EventCountry "CRO"]
[Source "crochess.com"]
[SourceDate "2012.12.22"]

1. d4 Nf6 2. c4 c5 3. d5 e5 4. Nc3 d6 5. e4 Be7 6. h3 Nbd7 7. Be3 a6 8. Bd3 Rb8
9. a4 b6 10. Nf3 Nf8 11. Qd2 Ng6 12. Ra3 Bd7 13. O-O Qc8 14. Kh2 h5 15. Ng5 O-O
16. Be2 Qd8 17. Rb1 Nf4 18. Bxf4 exf4 19. Qxf4 Ng4+ 20. hxg4 hxg4 21. b4 cxb4
22. Rxb4 Bxg5 23. Qg3 f5 24. exf5 Rxf5 25. c5 bxc5 26. Rxg4 Re5 27. f4 Bxg4 28.
fxe5 Bxe2 29. Nxe2 Rb2 30. Nf4 Bxf4 31. Qxf4 Rb4 32. Qf5 Rh4+ 33. Rh3 Rxh3+ 34.
Kxh3 dxe5 35. Qxe5 Qd7+ 36. g4 Kf7 37. d6 c4 38. Qd5+ Kg6 39. Qe4+ Kf6 40. Qd4+
Kg6 41. Qe4+ Kf6 42. Qd4+ Kg6 43. a5 c3 44. Qd3+ Kg5 45. Qe3+ Kg6 46. Qe4+ Kf6
47. Qd4+ Kf7 48. Qc4+ Kg6 49. Qxc3 Qxd6 50. Qe3 Kf7 51. Qa7+ Kf6 52. Qb6 Ke6
53. Qxd6+ Kxd6 54. Kh4 Kc5 55. Kg5 Kb5 56. Kg6 Kxa5 57. Kxg7 Kb5 58. g5 a5 59.
g6 a4 60. Kf7 a3 61. g7 a2 62. g8=Q a1=Q 63. Qb8+ Kc4 64. Qc7+ 1/2-1/2

[Event "19th Open B"]
[Site "Zadar"]
[Date "2012.12.17"]
[Round "3.4"]
[White "Franciskovic, Borka"]
[Black "Hasanagic, Anel"]
[Result "1-0"]
[WhiteElo "2230"]
[BlackElo "2117"]
[PlyCount "129"]
[EventDate "2012.12.16"]
[EventRounds "9"]
[EventCountry "CRO"]
[Source "crochess.com"]
[SourceDate "2012.12.22"]

1. Nf3 f5 2. c4 Nf6 3. g3 g6 4. Bg2 Bg7 5. O-O d6 6. Nc3 O-O 7. d3 e5 8. Rb1
Nc6 9. b4 h6 10. b5 Ne7 11. a4 g5 12. Ba3 Rb8 13. c5 Be6 14. cxd6 cxd6 15. Nd2
Rf7 16. Rc1 d5 17. Qb3 Qd7 18. Qb4 Rd8 19. a5 b6 20. Na4 Qb7 21. Nc4 Qb8 22.
Nd6 bxa5 23. Qxa5 Rxd6 24. Bxd6 Qxd6 25. Qxa7 Bd7 26. b6 Bxa4 27. b7 Rf8 28.
Qxa4 Nd7 29. Qa5 Nb8 30. Qc7 Qe6 31. Ra1 e4 32. Ra8 Be5 33. Qc5 Bd6 34. Qb6 Kf7
35. Rc1 f4 36. dxe4 dxe4 37. Bxe4 fxg3 38. hxg3 Kg7 39. Rd1 Qxe4 40. Qxd6 Nec6
41. Qd3 Qxd3 42. Rxd3 Rf7 43. Rb3 Rf8 44. Kg2 g4 45. Ra4 h5 46. Rb5 Kg6 47. Rc4
Re8 48. e3 Re7 49. Rcc5 Nd8 50. Rc8 Ndc6 51. Rg8+ Kf7 52. Rh8 Ke6 53. Rhxh5 Kd6
54. Rhg5 Ne5 55. Rg8 Nec6 56. Rxg4 Kc7 57. Rc4 Re6 58. g4 Nd7 59. Rc3 Re8 60.
f4 Rb8 61. Rcb3 Na7 62. Rd5 Nb6 63. Rh5 Kxb7 64. Rh7+ Ka8 65. g5 1-0

[Event "19th Open B"]
[Site "Zadar"]
[Date "2012.12.17"]
[Round "3.5"]
[White "Stipic, Marko"]
[Black "Vrhovnik, Damir"]
[Result "1-0"]
[WhiteElo "2215"]
[BlackElo "2097"]
[PlyCount "65"]
[EventDate "2012.12.16"]
[EventRounds "9"]
[EventCountry "CRO"]
[Source "crochess.com"]
[SourceDate "2012.12.22"]

1. g3 Nf6 2. Bg2 c5 3. e4 Nc6 4. f4 d6 5. Ne2 g6 6. O-O Bg7 7. c3 h5 8. h3 c4
9. Na3 Qb6+ 10. Kh1 Qc5 11. Qa4 Bg4 12. Nd4 h4 13. e5 Nd7 14. b4 cxb3 15. Nxb3
Qb6 16. Nc4 Qd8 17. hxg4 hxg3+ 18. Kg1 d5 19. Ne3 e6 20. g5 a6 21. d4 Bf8 22.
Nd2 b5 23. Qb3 b4 24. Nf3 Qb6 25. Bd2 a5 26. Rfc1 a4 27. Qb2 Nc5 28. dxc5 Bxc5
29. Re1 d4 30. cxd4 Nxd4 31. Nxd4 Bxd4 32. Qxb4 Qa7 33. Bc6+ 1-0

[Event "19th Open B"]
[Site "Zadar"]
[Date "2012.12.17"]
[Round "3.6"]
[White "Tesla, Miro"]
[Black "Brigljevic, Milan"]
[Result "0-1"]
[WhiteElo "2017"]
[BlackElo "2213"]
[PlyCount "60"]
[EventDate "2012.12.16"]
[EventRounds "9"]
[EventCountry "CRO"]
[Source "crochess.com"]
[SourceDate "2012.12.22"]

1. d4 Nf6 2. Nf3 g6 3. Bf4 Bg7 4. c4 O-O 5. Nc3 d6 6. h3 c5 7. d5 a6 8. e4 b5
9. Bd3 bxc4 10. Bxc4 Qb6 11. Rb1 Qb4 12. Qd3 Nxe4 13. O-O Nxc3 14. bxc3 Qxc3
15. Qe2 Bf6 16. g4 Nd7 17. Rfc1 Qa5 18. g5 Be5 19. Nxe5 Nxe5 20. Bxe5 dxe5 21.
Qxe5 Bxh3 22. Rb7 Qd2 23. Rc3 Bf5 24. Re3 Qc1+ 25. Bf1 Rad8 26. Rxe7 Qd1 27.
Rc7 Rxd5 28. Qf6 Be6 29. Kh2 Rf5 30. Qb2 Qxf1 0-1

[Event "19th Open B"]
[Site "Zadar"]
[Date "2012.12.17"]
[Round "3.7"]
[White "Seferovic, Relja"]
[Black "Curic, Drazen"]
[Result "1-0"]
[WhiteElo "2018"]
[BlackElo "2293"]
[PlyCount "97"]
[EventDate "2012.12.16"]
[EventRounds "9"]
[EventCountry "CRO"]
[Source "crochess.com"]
[SourceDate "2012.12.22"]

1. d4 g6 2. Nf3 Bg7 3. g3 b6 4. Bg2 Bb7 5. c4 e6 6. O-O Ne7 7. Nc3 d6 8. e4 Nd7
9. Re1 h6 10. Qc2 a6 11. Be3 O-O 12. Rad1 f5 13. h4 Nf6 14. exf5 Nxf5 15. Bc1
Qe7 16. d5 e5 17. h5 Qf7 18. hxg6 Qxg6 19. Bf1 Qh5 20. Be2 Ng4 21. Qe4 Bc8 22.
Kg2 Nf6 23. Qb1 Qf7 24. Rh1 Bd7 25. Bd3 Ng4 26. Rdf1 Nd4 27. Ng5 Qe7 28. Bh7+
Kh8 29. Be4 Nf5 30. Ne6 Bxe6 31. dxe6 Qxe6 32. Bxa8 Rxa8 33. Qe4 Rf8 34. Nd5
Qg6 35. Kg1 Nf6 36. Nxf6 Qxf6 37. Kg2 Qe6 38. b3 b5 39. Re1 Qf6 40. Be3 bxc4
41. bxc4 Qf7 42. Re2 Qe6 43. Rb1 Ne7 44. Reb2 c6 45. Rb8 d5 46. cxd5 cxd5 47.
Rxf8+ Bxf8 48. Qf3 Nf5 49. Rb8 1-0

[Event "19th Open B"]
[Site "Zadar"]
[Date "2012.12.17"]
[Round "3.9"]
[White "Fucak, Emilijo"]
[Black "Jelecevic, Ivo"]
[Result "1/2-1/2"]
[WhiteElo "2222"]
[BlackElo "2172"]
[PlyCount "145"]
[EventDate "2012.12.16"]
[EventRounds "9"]
[EventCountry "CRO"]
[Source "crochess.com"]
[SourceDate "2012.12.22"]

1. e4 c5 2. Nf3 Nc6 3. c3 Nf6 4. e5 Nd5 5. d4 cxd4 6. cxd4 d6 7. Bc4 e6 8. O-O
Be7 9. Qe2 O-O 10. a3 Re8 11. b4 a6 12. Nbd2 b5 13. Bb3 Bb7 14. Re1 dxe5 15.
dxe5 Nf4 16. Qe3 Ng6 17. Bb2 a5 18. bxa5 Nxa5 19. Ba2 Bd5 20. Bb1 Qb8 21. Be4
Rd8 22. Bc3 Nc6 23. Bb2 Ra4 24. Bc2 Ra7 25. Ne4 b4 26. axb4 Rxa1 27. Bxa1 Nxb4
28. Bb1 Nc6 29. h4 Qb3 30. Qxb3 Bxb3 31. g3 Rd1 32. Ned2 Ngxe5 33. Rxd1 Nxf3+
34. Nxf3 Bxd1 35. Kg2 h6 36. Be4 Nb4 37. Bb2 Bb3 38. Nd2 Bd5 39. f3 f5 40. Bb1
f4 41. Be5 fxg3 42. Kxg3 Nc6 43. Bb2 Bd6+ 44. Kg2 Kf7 45. Ne4 Bf4 46. Bc3 Ne7
47. Ng3 Ng6 48. Nh5 Nxh4+ 49. Kh3 Bg5 50. f4 Be7 51. Bxg7 Bf3 52. Bf6 Bxf6 53.
Nxf6 Kxf6 54. Kxh4 Ke7 55. Bg6 Kd6 56. Bf7 Ke7 57. Bg6 Be2 58. Bh7 Kf7 59. Bc2
Kf6 60. Be4 h5 61. Bc2 Bg4 62. Be4 Bf5 63. Bf3 Bg6 64. Bg2 Kf5 65. Bh3+ Kf6 66.
Bg2 Be8 67. Bh3 Bf7 68. Kg3 Ke7 69. Kh4 Kd6 70. Kg5 Kd5 71. Kf6 Ke4 72. Kxf7
Kxf4 73. Bxe6 1/2-1/2

[Event "19th Open B"]
[Site "Zadar"]
[Date "2012.12.17"]
[Round "3.10"]
[White "Kljako, Damir"]
[Black "Glavicic, Tino"]
[Result "1/2-1/2"]
[WhiteElo "2208"]
[BlackElo "2023"]
[PlyCount "29"]
[EventDate "2012.12.16"]
[EventRounds "9"]
[EventCountry "CRO"]
[Source "crochess.com"]
[SourceDate "2012.12.22"]

1. d4 Nf6 2. c4 e6 3. Nf3 d5 4. Nc3 Be7 5. Bg5 O-O 6. e3 Nbd7 7. a3 a6 8. Rc1
dxc4 9. Bxc4 b5 10. Be2 c5 11. O-O cxd4 12. Nxd4 Bb7 13. Bf3 Qb6 14. Bxb7 Qxb7
15. Qf3 1/2-1/2

[Event "19th Open B"]
[Site "Zadar"]
[Date "2012.12.18"]
[Round "4.1"]
[White "Pandurevic, Miro"]
[Black "Stipic, Marko"]
[Result "0-1"]
[WhiteElo "2269"]
[BlackElo "2215"]
[PlyCount "60"]
[EventDate "2012.12.16"]
[EventRounds "9"]
[EventCountry "CRO"]
[Source "crochess.com"]
[SourceDate "2012.12.22"]

1. c4 d6 2. Nc3 e5 3. g3 f5 4. Bg2 Nf6 5. d4 e4 6. Nh3 g6 7. Bg5 Bg7 8. Nd5 O-O
9. Nhf4 c6 10. Bxf6 Bxf6 11. Nxf6+ Qxf6 12. Qd2 g5 13. Nh3 f4 14. gxf4 gxf4 15.
e3 fxe3 16. Qxe3 d5 17. O-O-O Na6 18. cxd5 cxd5 19. Kb1 Be6 20. Ng5 Bf5 21. Bh3
Kh8 22. Rhg1 Nb4 23. Rg3 Bg6 24. a3 Nd3 25. Ne6 Rf7 26. f3 exf3 27. Rxg6 Qxg6
28. Rg1 Qh5 29. Bf1 f2 30. Rg5 Qd1+ 0-1

[Event "19th Open B"]
[Site "Zadar"]
[Date "2012.12.18"]
[Round "4.2"]
[White "Brigljevic, Milan"]
[Black "Franciskovic, Borka"]
[Result "1/2-1/2"]
[WhiteElo "2213"]
[BlackElo "2230"]
[PlyCount "61"]
[EventDate "2012.12.16"]
[EventRounds "9"]
[EventCountry "CRO"]
[Source "crochess.com"]
[SourceDate "2012.12.22"]

1. Nf3 Nf6 2. g3 c5 3. Bg2 Nc6 4. O-O e6 5. d3 d5 6. Nbd2 Bd6 7. e4 O-O 8. Re1
Qc7 9. Qe2 Nd7 10. c3 b6 11. Ng5 h6 12. Nh3 d4 13. f4 e5 14. f5 Ba6 15. c4 b5
16. b3 Rab8 17. Rf1 Be7 18. g4 f6 19. Nf2 Nd8 20. h4 Nf7 21. Nf3 bxc4 22. dxc4
Rb6 23. Bd2 Rd6 24. Nd3 Bb7 25. Rae1 Ra6 26. Ra1 Ba8 27. Nf2 Rb8 28. Nh3 Qd8
29. Nf2 Qc7 30. Nh3 Qd8 31. Nf2 1/2-1/2

[Event "19th Open B"]
[Site "Zadar"]
[Date "2012.12.18"]
[Round "4.3"]
[White "Deur Saric, Zrinka"]
[Black "Blazeka, Matej"]
[Result "1/2-1/2"]
[WhiteElo "2124"]
[BlackElo "2271"]
[PlyCount "28"]
[EventDate "2012.12.16"]
[EventRounds "9"]
[EventCountry "CRO"]
[Source "crochess.com"]
[SourceDate "2012.12.22"]

1. e4 e5 2. Nf3 Nc6 3. Bb5 a6 4. Ba4 Nge7 5. Bb3 Ng6 6. d4 exd4 7. Nxd4 Be7 8.
Nc3 Nxd4 9. Qxd4 Bf6 10. Qc4 Ne5 11. Qe2 O-O 12. Nd5 c6 13. Nxf6+ Qxf6 14. O-O
Ng6 1/2-1/2

[Event "19th Open B"]
[Site "Zadar"]
[Date "2012.12.18"]
[Round "4.4"]
[White "Berke, Ana"]
[Black "Matko, Ognjen"]
[Result "1/2-1/2"]
[WhiteElo "2151"]
[BlackElo "2243"]
[PlyCount "57"]
[EventDate "2012.12.16"]
[EventRounds "9"]
[EventCountry "CRO"]
[Source "crochess.com"]
[SourceDate "2012.12.22"]

1. e4 c5 2. Nf3 e6 3. c4 Nc6 4. Be2 Nf6 5. Nc3 d5 6. exd5 exd5 7. d4 cxd4 8.
Nxd4 Bb4 9. O-O O-O 10. cxd5 Nxd5 11. Nxc6 bxc6 12. Nxd5 cxd5 13. Be3 Be6 14.
Bd4 Bd6 15. Qd2 Qh4 16. g3 Qe4 17. Bd3 Qf3 18. Qe2 Qxe2 19. Bxe2 Rfc8 20. Rac1
a5 21. Bf3 Rab8 22. Rxc8+ Rxc8 23. Rd1 Rc2 24. Be3 Rxb2 25. Bxd5 Bf5 26. Kg2
Kf8 27. Bd4 Rb1 28. Rxb1 Bxb1 29. Kf3 1/2-1/2

[Event "19th Open B"]
[Site "Zadar"]
[Date "2012.12.18"]
[Round "4.5"]
[White "Medic, Miljenko"]
[Black "Seferovic, Relja"]
[Result "1-0"]
[WhiteElo "2231"]
[BlackElo "2018"]
[PlyCount "81"]
[EventDate "2012.12.16"]
[EventRounds "9"]
[EventCountry "CRO"]
[Source "crochess.com"]
[SourceDate "2012.12.22"]

1. d4 Nf6 2. c4 c5 3. d5 d6 4. Nc3 g6 5. e4 Bg7 6. Nf3 O-O 7. Be2 e6 8. Bf4
exd5 9. cxd5 Re8 10. Nd2 Na6 11. O-O Nc7 12. Qc2 Nfxd5 13. exd5 Bxc3 14. bxc3
Rxe2 15. c4 Bf5 16. Qc3 Qf8 17. Qf3 Rae8 18. Qg3 Rd8 19. Rae1 Rxe1 20. Rxe1 Re8
21. Rf1 Rd8 22. a4 Na6 23. Qc3 f6 24. g4 Bxg4 25. Ne4 f5 26. Nf6+ Kf7 27. Nxh7
Qh8 28. Ng5+ Ke7 29. Qe3+ Kd7 30. Qe6+ Kc7 31. Nf7 Qf8 32. Nxd8 Qxd8 33. Re1
Nb4 34. Qf7+ Kb6 35. Re7 Qc8 36. Bxd6 f4 37. Rc7 Qa8 38. Bxc5+ Ka6 39. Bxb4 Qh8
40. Qxg6+ b6 41. Qg7 1-0

[Event "19th Open B"]
[Site "Zadar"]
[Date "2012.12.18"]
[Round "4.7"]
[White "Hasanagic, Anel"]
[Black "Mihalinec, Damir"]
[Result "0-1"]
[WhiteElo "2117"]
[BlackElo "2235"]
[PlyCount "74"]
[EventDate "2012.12.16"]
[EventRounds "9"]
[EventCountry "CRO"]
[Source "crochess.com"]
[SourceDate "2012.12.22"]

1. e4 c5 2. c3 d5 3. e5 d4 4. f4 e6 5. Nf3 Nc6 6. Bb5 Bd7 7. d3 Nxe5 8. fxe5
Bxb5 9. c4 Bc6 10. O-O h6 11. Nbd2 Ne7 12. Qe1 Ng6 13. Qf2 Be7 14. Ng5 O-O 15.
Nxf7 Qe8 16. Nxh6+ gxh6 17. Qg3 Kh7 18. Nf3 Bxf3 19. Rxf3 Bh4 20. Qh3 Rxf3 21.
Qxf3 Qe7 22. g3 Rf8 23. Qe4 Bg5 24. h4 Bxc1 25. Rxc1 Rf5 26. Rf1 Rxe5 27. Qg4
h5 28. Qf3 Rf5 29. Qe2 Rxf1+ 30. Qxf1 Qf8 31. Qg2 b6 32. g4 hxg4 33. h5 Nf4 34.
Qe4+ Kh6 35. Kh2 Qf5 36. Qa8 Nxd3 37. Qh8+ Kg5 0-1

[Event "19th Open B"]
[Site "Zadar"]
[Date "2012.12.18"]
[Round "4.9"]
[White "Vrhovnik, Damir"]
[Black "Fucak, Emilijo"]
[Result "1/2-1/2"]
[WhiteElo "2097"]
[BlackElo "2222"]
[PlyCount "30"]
[EventDate "2012.12.16"]
[EventRounds "9"]
[EventCountry "CRO"]
[Source "crochess.com"]
[SourceDate "2012.12.22"]

1. Nf3 Nc6 2. d4 d5 3. Bf4 Bg4 4. h3 Bh5 5. e3 e6 6. c3 Bd6 7. Bxd6 Qxd6 8. Be2
Nf6 9. Nbd2 O-O 10. O-O Rfe8 11. Re1 e5 12. dxe5 Nxe5 13. Nxe5 Qxe5 14. Bxh5
Qxh5 15. Qxh5 Nxh5 1/2-1/2

[Event "19th Open B"]
[Site "Zadar"]
[Date "2012.12.18"]
[Round "4.10"]
[White "Bubicic, Josip"]
[Black "Kljako, Damir"]
[Result "1/2-1/2"]
[WhiteElo "2063"]
[BlackElo "2208"]
[PlyCount "37"]
[EventDate "2012.12.16"]
[EventRounds "9"]
[EventCountry "CRO"]
[Source "crochess.com"]
[SourceDate "2012.12.22"]

1. e4 g6 2. d4 Bg7 3. f3 d6 4. c4 Nc6 5. Be3 e5 6. Ne2 f5 7. d5 Nce7 8. Nbc3
Nf6 9. Qd2 fxe4 10. Nxe4 Nxe4 11. fxe4 Ng8 12. O-O-O Qh4 13. Nc3 Bh6 14. Nb5
Bxe3 15. Qxe3 Qe7 16. c5 Nf6 17. h3 O-O 18. cxd6 cxd6 19. g4 1/2-1/2

[Event "19th Open B"]
[Site "Zadar"]
[Date "2012.12.19"]
[Round "5.1"]
[White "Stipic, Marko"]
[Black "Brigljevic, Milan"]
[Result "0-1"]
[WhiteElo "2215"]
[BlackElo "2213"]
[PlyCount "63"]
[EventDate "2012.12.16"]
[EventRounds "9"]
[EventCountry "CRO"]
[Source "crochess.com"]
[SourceDate "2012.12.22"]

1. g3 f5 2. Bg2 Nf6 3. c4 e6 4. e3 c6 5. b3 d5 6. Bb2 Bd6 7. d4 O-O 8. Ne2 Bd7
9. O-O Be8 10. Qc2 g5 11. Ba3 Bg6 12. Qb2 a6 13. Nbc3 b5 14. Bxd6 Qxd6 15. a4
b4 16. Na2 a5 17. Nac1 Nbd7 18. Rd1 Qe7 19. Nd3 Bh5 20. Rd2 Ne4 21. Rc2 Bxe2
22. Rxe2 Rac8 23. Rc2 Nc3 24. Bf1 dxc4 25. bxc4 e5 26. Nc1 f4 27. exf4 gxf4 28.
dxe5 fxg3 29. hxg3 Nxe5 30. f4 Nf3+ 31. Kf2 Nd1+ 32. Kxf3 0-1

[Event "19th Open B"]
[Site "Zadar"]
[Date "2012.12.19"]
[Round "5.3"]
[White "Blazeka, Matej"]
[Black "Samovojska, Damir"]
[Result "1-0"]
[WhiteElo "2271"]
[BlackElo "2225"]
[PlyCount "71"]
[EventDate "2012.12.16"]
[EventRounds "9"]
[EventCountry "CRO"]
[Source "crochess.com"]
[SourceDate "2012.12.22"]

1. e4 e6 2. d4 d5 3. Nd2 dxe4 4. Nxe4 Nd7 5. Bd3 Ngf6 6. Nf3 Nxe4 7. Bxe4 Nf6
8. Bd3 Be7 9. Qe2 Qd5 10. Bf4 Bd6 11. Be5 Qa5+ 12. c3 Bd7 13. O-O h6 14. Rfe1
Bc6 15. a4 Bxe5 16. dxe5 Bxf3 17. gxf3 Nd7 18. b4 Qd5 19. Bc4 Qxe5 20. Qxe5
Nxe5 21. Rxe5 Rd8 22. Kf1 Ke7 23. Ke2 Kf6 24. Rc5 Rd7 25. Rd1 Rhd8 26. Rxd7
Rxd7 27. Bb5 Re7 28. a5 e5 29. Ke3 g5 30. Ke4 c6 31. Ba4 a6 32. c4 Rd7 33. Rxe5
Rd2 34. Rc5 Rb2 35. Bxc6 Rxb4 36. Bd5 1-0

[Event "19th Open B"]
[Site "Zadar"]
[Date "2012.12.19"]
[Round "5.4"]
[White "Matko, Ognjen"]
[Black "Villegas, Pierre"]
[Result "0-1"]
[WhiteElo "2243"]
[BlackElo "2202"]
[PlyCount "90"]
[EventDate "2012.12.16"]
[EventRounds "9"]
[EventCountry "CRO"]
[Source "crochess.com"]
[SourceDate "2012.12.22"]

1. e4 c6 2. Nc3 d5 3. Nf3 Bg4 4. h3 Bxf3 5. Qxf3 Nf6 6. exd5 cxd5 7. Bb5+ Nc6
8. O-O e6 9. Re1 Be7 10. d3 O-O 11. Bxc6 bxc6 12. Bf4 Nd7 13. Qg3 Bh4 14. Qf3
Qb6 15. Rab1 Rfc8 16. Na4 Qa5 17. b3 Nb6 18. Nxb6 axb6 19. Be5 Qc5 20. a4 Be7
21. Qg4 Bf8 22. c4 Qa3 23. h4 h6 24. Re3 Kh7 25. Rg3 g6 26. b4 Be7 27. a5 bxa5
28. Qf4 Rf8 29. b5 cxb5 30. cxb5 Ra7 31. Bd4 Rb7 32. h5 g5 33. Qe5 Rg8 34. Rf3
Bf8 35. b6 Qd6 36. Rb5 Qxe5 37. Bxe5 Bg7 38. Bc7 Ra8 39. d4 Kg8 40. Ra3 Bxd4
41. Rbxa5 Rxa5 42. Rxa5 Bxb6 43. Ra8+ Kg7 44. Bd6 Ra7 45. Rb8 Bc7 0-1